Skład Unia Leszno sezon 2023 - Statystyki

Ogólne statystyki
  • Ten quiz został rozwiązany 111 razy
  • Średni wynik to 8 z 11
Statystyki odpowiedzi
Hint Odpowiedź % Poprawnych
Smyk Bartosz Smektała
98%
JKR Janusz Kołodziej
97%
2engi Grzegorz Zengota
93%
menadżer Piotr Baron
83%
2005 paźdźernik (junior) Antoni Mencel
80%
2005 maj (junior) Damian Ratajczak
78%
2006 luty (junior) Hubert Jabłoński
71%
trener Roman Jankowski
66%
Australijczyk z Sydney Chris Holder
58%
2005 listopad (junior) Maksym Borowiak
44%
Australijczyk z Wiktorii Jaimon Lindsey
24%
Nie znaleziono quizów pasujących do podanych kryteriów
Rozkład punktacji
Procent ludzi z każdym wynikiem
Percentyl według liczby udzielonych odpowiedzi
Twoja historia wyników
Nie rozwiązałeś tego quizu